Fejezetek a magyarországi társadalom- és szociálpolitika történetéből II. kötet : a második világháború végétől a rendszerváltásig (1945–1989) /
A szöveggyűjtemény egy egységes szemléletbeli keretbe foglalt oktatási segédanyag, melynek célja, hogy a szerzők eredményesebben ismertethessék meg hallgatóikat a jelenkori magyar szociális gondolkodás és szociálpolitika előzményeivel a 19-20. századi társadalomtörténet, szociális gondolkodás és szo...
Elmentve itt :
| Szerzők: | |
|---|---|
| Dokumentumtípus: | Könyv |
| Megjelent: |
2019
|
| Tárgyszavak: | |
| Online Access: | http://eta.bibl.u-szeged.hu/3157 |
| LEADER | 03163nnm a2200253 i 4500 | ||
|---|---|---|---|
| 001 | eta3157 | ||
| 005 | 20200709113459.0 | ||
| 008 | 200709s2019 hu o 0|| hun d | ||
| 020 | |a 978-963-306-692-8 | ||
| 040 | |a SZTE Elektronikus Tananyag Archívum |b hun | ||
| 041 | |a hun | ||
| 100 | 1 | |a Cora Zoltán | |
| 245 | 1 | 0 | |a Fejezetek a magyarországi társadalom- és szociálpolitika történetéből |h [elektronikus dokumentum] : |b II. kötet : a második világháború végétől a rendszerváltásig (1945–1989) / |c Cora Zoltán |
| 260 | |c 2019 | ||
| 300 | |a 492 | ||
| 516 | |a Book | ||
| 520 | 3 | |a A szöveggyűjtemény egy egységes szemléletbeli keretbe foglalt oktatási segédanyag, melynek célja, hogy a szerzők eredményesebben ismertethessék meg hallgatóikat a jelenkori magyar szociális gondolkodás és szociálpolitika előzményeivel a 19-20. századi társadalomtörténet, szociális gondolkodás és szociálpolitika témaköreivel foglalkozó kurzusokhoz kapcsolódva. A szerzők kifejezetten törekednek arra, hogy a képzés résztvevői megértsék a működésbeli különbséget a politikai rendszer hatalmi logikája és a szociálpolitika szakmai racionalitása között (politikai elitstratégiák, szociális kérdések koncepcióinak változása, többdimenziós politikai mezőben jelen lévő, eltérő értékválasztáson alapuló, egymással versengő társadalompolitikai alternatívák és szociálpolitikai gyakorlatok). A szöveggyűjtemény egyaránt követ kronologikus és tematikus szempontokat. Fő fejezeteinek tagolása kronologikus (dualizmus időszaka, Horthy- és Rákosi-korszak, Kádár-rendszer), s a nagyobb szerkezeti egységeken belül a bevezető tanulmányokat a korszakot reprezentáló társadalomtörténeti, társadalompolitikai és szociálpolitikai kulcsszövegek bemutatása követi, majd az alfejezetek tematikus blokkjai. A szemelvények előtt információkat közlünk a szerzőkről, a művek keletkezésének körülményeiről, jelezve egyben a kiválasztás szempontjait. A szöveggyűjtemény történeti forrásokat tartalmaz: a korabeli szereplők, a közvetlenül érintettek társadalmi kérdésekre adott reflexióit mutatja be. A szerzők, illetve szerkesztők célja az volt, hogy a hallgatók a történeti források vizsgálata során leszűrhető következtetések birtokában lássák, értsék: a társadalmi tények, a társadalompolitikai koncepciók, a politikai értékrendszerek és pragmatikus kényszerek miként befolyásolják a szociálpolitikai döntések meghozatalát, végső soron a szociálpolitikai beavatkozások megvalósulását. Ez a jártasság ugyanis nélkülözhetetlen a politikai, társadalmi és szociálpolitikai helyzetek értelmezésében, amelyre gyakorló szakemberként szükségük lesz. | |
| 650 | 4 | |a Bölcsészettudományok | |
| 650 | 4 | |a Történettudomány és régészet | |
| 650 | 4 | |a Történettudomány | |
| 650 | 4 | |a Társadalom-, gazdaság-, kultúra- és politikatörténet | |
| 700 | 0 | 1 | |a Kiss Mária Rita |e aut |
| 700 | 0 | 1 | |a Olasz Lajos |e aut |
| 856 | 4 | 0 | |u https://eta.bibl.u-szeged.hu/3157/1/szoveggyuj-2resz_1945-1989.pdf |z Dokumentum-elérés |